000 00922nam a2200253Ia 4500
003 OSt
005 20220923223331.0
006 a|||||r|||| 00| 0
007 ta
008 220922b |||||||| |||| 00| 0 hin d
024 _a213,599
037 _cTextual
040 _aARTS
_cARTS
_bhin
041 _2hin
_ahin
082 _aO152,3M83:g, M3
100 _aआतर, प्रकाश
245 0 _aचन्द्रधर शर्मा गुलेरी
_b व्यक्तित्व और कृतित्व
246 _aChandradhar sharmā gulerī: vyaktitva aur kṛutitva
260 _aउदयपुर राजस्थान
_b साहित्य अकादमी
_c1983
300 _a190 पृ.
_ccm.
650 _aहिन्दी साहित्य
_9156264
942 _hO152,3M83:g, M3
_cTEXL
_2CC
999 _c363807
_d363807